Régi Magyarország "Old Hungary"

Bibliographic Details
Format: Journal
Language:English
Hungarian
PhysicalDescription:zv. 28 cm
Published: Sacramento Hungarian/American Friendship Society 1993-

MARC

LEADER 00000cas a22000003a 4500
001 vtls010681727
003 SK-MaSNL
005 20260221120534.0
008 160429c19939999xxuqr|p 0 b0eng d
040 |a SNK  |b slo  |c SNK  |e AACR2 
041 0 |a eng  |a hun 
044 |a xxu  |c US 
245 0 0 |a Régi Magyarország "Old Hungary" 
260 |a Sacramento  |b Hungarian/American Friendship Society  |c 1993- 
300 |a zv.  |c 28 cm 
310 |a 4x ročne 
362 |a Vol.1, no. 1 (1993)- 
546 |a Čiast. text v maď. 
910 |a snk 
999 |c 6403  |d 8333 
952 |0 0  |1 0  |4 0  |7 1  |8 2  |a SNK  |b SNK  |d 2015-05-26  |i snk2015/16794  |l 0  |o snkČSB 5051/1993-1997  |p 17A0269932  |r 2026-02-21 21:34:32  |t č. 1-15  |w 2026-02-21  |y NEVYP  |z Roky 1993-1997 sú zviazané v jednom zväzku.